| 000 | 01076nac a22003017a 4500 | ||
|---|---|---|---|
| 001 | BR8003440 | ||
| 003 | BR-BrBNA | ||
| 005 | 20240105114716.0 | ||
| 008 | 230509b bl.|||m| |||| 00| 0 por d | ||
| 040 |
_aBR-BrBNA _bpor _cBiblioteca Nacional de Agricultura |
||
| 072 | _aF00; L30 | ||
| 090 | _a1910 BR8003440 | ||
| 100 | 1 | _aValentin, J.F. | |
| 100 | 1 | _aCosta, A.L. da | |
| 110 | 1 |
_aUnidade de Execucao de Pesquisa de Ambito Estadual de Rio Branco, AC (Brasil) _910376 |
|
| 245 | 1 | _aFormacao, recuperacao, melhoramento e manejo de pastagens no Acre [Consorciacao de cultura; Pastejo continuo; Bovino; Bos taurus; Ganho de peso; Brasil] | |
| 260 | 3 |
_aRio Branco, AC (Brasil): _c1980. |
|
| 300 | _a6 p. | ||
| 490 |
_aPesquisa em Foco - Unidade de Execucao de Pesquisa de Ambito Estadual de Rio Branco (Brazil) _vno. 1 _x |
||
| 650 | _aPASTAGEM | ||
| 650 | _aBOVINO | ||
| 650 | _aCONSORCIACAO DE CULTURA | ||
| 650 | _aPASTEJO CONTINUO | ||
| 650 | _aGANHO DE PESO | ||
| 650 | _aACRE | ||
| 909 |
_a202312 _bLúcia Elande _c55 _dLúcia Elande |
||
| 942 |
_2AGRIS _n0 _cMS |
||
| 999 |
_c270870 _d270870 |
||